|
|
|
|
| LEADER |
01403nam a2200385Ia 4500 |
| 001 |
EBC235293 |
| 003 |
MiAaPQ |
| 005 |
20200520144314.0 |
| 006 |
m o d | |
| 007 |
cr cn||||||||| |
| 008 |
020121s2002 enka sb 001 0 eng d |
| 015 |
|
|
|a GBA1-V5845
|
| 020 |
|
|
|z 0415243629
|
| 020 |
|
|
|z 0415243637 (PBK.)
|
| 029 |
0 |
|
|a ocm47983996
|
| 035 |
|
|
|a (MiAaPQ)EBC235293
|
| 035 |
|
|
|a (Au-PeEL)EBL235293
|
| 035 |
|
|
|a (CaPaEBR)ebr5004409
|
| 035 |
|
|
|a (CaONFJC)MIL11112
|
| 035 |
|
|
|a (OCoLC)936904124
|
| 040 |
|
|
|a MiAaPQ
|c MiAaPQ
|d MiAaPQ
|
| 050 |
|
4 |
|a JF1351
|b .N46 2002
|
| 082 |
0 |
4 |
|a 351.41
|2 21
|
| 245 |
0 |
0 |
|a New public management
|h [electronic resource] :
|b current trends and future prospects /
|c edited by Kate McLaughlin, Stephen P. Osborne and Ewan Ferlie.
|
| 260 |
|
|
|a London :
|b Routledge,
|c 2002.
|
| 300 |
|
|
|a xi, 355 p. :
|b ill.
|
| 504 |
|
|
|a Includes bibliographical references and index.
|
| 533 |
|
|
|a Electronic reproduction. Ann Arbor, MI : ProQuest, 2015. Available via World Wide Web. Access may be limited to ProQuest affiliated libraries.
|
| 650 |
|
0 |
|a Public administration
|z Great Britain.
|
| 655 |
|
4 |
|a Electronic books.
|
| 700 |
1 |
|
|a McLaughlin, Kate.
|
| 700 |
1 |
|
|a Osborne, Stephen P.,
|d 1953-
|
| 700 |
1 |
|
|a Ferlie, Ewan,
|d 1956-
|
| 710 |
2 |
|
|a ProQuest (Firm)
|
| 856 |
4 |
0 |
|u https://ebookcentral.proquest.com/lib/matrademy/detail.action?docID=235293
|z Click to View
|